Stateless Citizenship (Record no. 96782)
[ view plain ]
| 000 -LEADER | |
|---|---|
| fixed length control field | 01632nam a2200241Ii 4500 |
| 008 - FIXED-LENGTH DATA ELEMENTS--GENERAL INFORMATION | |
| fixed length control field | 221202s xx 000 0 und d |
| 100 1# - MAIN ENTRY--PERSONAL NAME | |
| Personal name | Molavi, Shourideh C, |
| Relator term | author |
| 245 #0 - TITLE STATEMENT | |
| Title | Stateless Citizenship |
| 246 ## - VARYING FORM OF TITLE | |
| Title proper/short title | The Palestinian-Arab Citizens of Israel |
| 264 #1 - PRODUCTION, PUBLICATION, DISTRIBUTION, MANUFACTURE, AND COPYRIGHT NOTICE | |
| Place of production, publication, distribution, manufacture | Leiden, Boston |
| Name of producer, publisher, distributor, manufacturer | Brill |
| Date of production, publication, distribution, manufacture, or copyright notice | 2013 |
| 300 ## - PHYSICAL DESCRIPTION | |
| Extent | 1 online resource |
| 336 ## - CONTENT TYPE | |
| Content type term | text |
| Content type code | txt |
| Source | rdacontent |
| 337 ## - MEDIA TYPE | |
| Media type term | computer |
| Media type code | c |
| Source | rdamedia |
| 338 ## - CARRIER TYPE | |
| Carrier type term | online resource |
| Carrier type code | cr |
| Source | rdacarrier |
| 520 ## - SUMMARY, ETC. | |
| Summary, etc. | Far from integration into the Israeli incorporation regime, Palestinians inside the state are today placed in a paradoxical situation where, as Arab citizens of a Jewish state, they are both inside and outside, host and guest, citizen and stateless. Through the paradigm of stateless citizenship, Shourideh C. Molavi examines the dynamics of exclusion of Palestinian citizens and analytically frames the mechanisms through which their statelessness is maintained. With this she centres our analytical gaze on the paradox that it is through the actual provision of Israeli citizenship that Palestinians are deemed stateless. Molavi critically engages with the liberal variant of Zionist thought, and deconstructs discourse around minority rights and liberal citizenship in the context of Israel's racialized ideological and political makeup. |
| 653 ## - INDEX TERM--UNCONTROLLED | |
| Uncontrolled term | Citizenship |
| 653 ## - INDEX TERM--UNCONTROLLED | |
| Uncontrolled term | Israel |
| 653 ## - INDEX TERM--UNCONTROLLED | |
| Uncontrolled term | Palestine |
| 653 ## - INDEX TERM--UNCONTROLLED | |
| Uncontrolled term | Sociology |
| 653 ## - INDEX TERM--UNCONTROLLED | |
| Uncontrolled term | Sociology |
| 856 ## - ELECTRONIC LOCATION AND ACCESS | |
| Uniform Resource Identifier | <a href="https://docs.google.com/spreadsheets/d/1yKIrdCPDAG_9c22mwoOIO2DOhtj65Wqa/edit?usp=sharing&ouid=106555315294820607512&rtpof=true&sd=true ">https://docs.google.com/spreadsheets/d/1yKIrdCPDAG_9c22mwoOIO2DOhtj65Wqa/edit?usp=sharing&ouid=106555315294820607512&rtpof=true&sd=true </a> |
| Link text | List of Curated E-Books |
| 942 ## - ADDED ENTRY ELEMENTS (KOHA) | |
| Koha item type | E-Book |
No items available.